|
|
|
|
| LEADER |
00000caa a2200000 c 4500 |
| 001 |
1634472896 |
| 003 |
DE-627 |
| 005 |
20220608100716.0 |
| 007 |
tu |
| 008 |
120829s1989 xx ||||| 00| ||ger c |
| 035 |
|
|
|a (DE-627)1634472896
|
| 035 |
|
|
|a (DE-576)37042719X
|
| 035 |
|
|
|a (DE-599)BSZ37042719X
|
| 040 |
|
|
|a DE-627
|b ger
|c DE-627
|e rakwb
|
| 041 |
|
|
|a ger
|
| 100 |
1 |
|
|a Bülow, Albrecht von
|d 1960-
|0 (DE-588)132812169
|0 (DE-627)526986271
|0 (DE-576)164685901
|4 aut
|
| 109 |
|
|
|a Bülow, Albrecht von 1960-
|a Bülow, Albrecht v. 1960-
|
| 245 |
1 |
0 |
|a Kontrollierter Heroingenuß
|b eine bisher kaum bekannte Konsumvariante
|c Albrecht von Bülow
|
| 264 |
|
1 |
|c 1989
|
| 336 |
|
|
|a Text
|b txt
|2 rdacontent
|
| 337 |
|
|
|a ohne Hilfsmittel zu benutzen
|b n
|2 rdamedia
|
| 338 |
|
|
|a Band
|b nc
|2 rdacarrier
|
| 773 |
0 |
8 |
|i In
|t Kriminologisches Journal
|d Weinheim : Beltz Juventa, 1969
|g 21(1989), 2, Seite 118-125
|w (DE-627)130092207
|w (DE-600)500591-7
|w (DE-576)018208223
|x 0341-1966
|7 nnas
|
| 773 |
1 |
8 |
|g volume:21
|g year:1989
|g number:2
|g pages:118-125
|
| 951 |
|
|
|a AR
|
| ELC |
|
|
|b 1
|
| LOK |
|
|
|0 000 xxxxxcx a22 zn 4500
|
| LOK |
|
|
|0 001 3289575756
|
| LOK |
|
|
|0 003 DE-627
|
| LOK |
|
|
|0 004 1634472896
|
| LOK |
|
|
|0 005 20250815135248
|
| LOK |
|
|
|0 008 120829||||||||||||||||ger|||||||
|
| LOK |
|
|
|0 040
|a DE-21-110
|c DE-627
|d DE-21-110
|
| LOK |
|
|
|0 689
|a s
|a Heroinkonsum
|
| LOK |
|
|
|0 689
|a s
|a Konsummuster
|
| LOK |
|
|
|0 852
|a DE-21-110
|
| LOK |
|
|
|0 852 1
|m p
|9 00
|
| LOK |
|
|
|0 935
|a k110
|
| LOK |
|
|
|0 938
|k p
|
| LOK |
|
|
|0 939
|a 29-08-12
|b l01
|
| ORI |
|
|
|a SA-MARC-krimdoka001.raw
|